Vnútorná klíma budov 2003. Zdravé, nízkoenergetické a ekologické budovy : Zborník prednášok 14.konferencie/Štrbské Pleso, 25.-26.11.2003

Gespeichert in:
Bibliographische Detailangaben
Format: Buch
Sprache:Slowakisch
Tschechisch
Englisch
Veröffentlicht: Bratislava : Slovenská spoločnosť pre techniku prostredia ZSVTS, 2003
Tags: Tag hinzufügen
Keine Tags, Fügen Sie das erste Tag hinzu!

MARC

LEADER 00000nam a22000003a 4500
001 stu84449
005 20150408161501.3
008 040301s2003----xo------------------slo-d
020 |a 80-969030-0-4 
040 |a STU  |b slo 
041 0 |a slo  |a cze  |a eng 
044 |a xo 
080 |a 061.3(437.6) 
080 |a 697.9 
080 |a 628.5 
245 |a Vnútorná klíma budov 2003. Zdravé, nízkoenergetické a ekologické budovy :  |b Zborník prednášok 14.konferencie/Štrbské Pleso, 25.-26.11.2003 
260 |a Bratislava :  |b Slovenská spoločnosť pre techniku prostredia ZSVTS,  |c 2003 
300 |a 168 s.;tab.,schémy 
996 |b 284V012765  |c V*1613/sc-04  |l VVT  |s A  |a 24  |w stu84449_0001